History Quiz

Random History or Art Quiz
Score 0/40 Timer 06:00
3 Plays Today
% Correct
Leonardo
96.2%
Vincent
95.2%
Pablo
95.1%
Andy
93.6%
Salvador
93.5%
Claude
86.8%
Jackson
85.4%
Frida
79.3%
Georgia
77.9%
Henri
77.5%
Edvard
72.7%
Norman
72.3%
El
69.7%
Paul
66.2%
Rembrandt
64.8%
Paul
63.1%
Gustav
63.1%
Michelangelo
62.2%
Ansel
62.1%
Francisco
60.9%
% Correct
Diego
59.3%
Edgar
58.2%
M.C.
56.6%
Marc
55.6%
Peter Paul
54.4%
Pierre Auguste
54.3%
Albrecht
54%
Henri
52.3%
Wassily
51.9%
Jan
50.4%
Edouard
49.8%
Auguste
49.5%
René
48.8%
Sandro
48%
Mary
48%
Joan
44.7%
Georges
43.7%
Edward
43.6%
Winslow
41.2%
Andrew
40.3%
Remove Ads.
Support Sporcle.
Get the best of Sporcle when you Go Orange. This ad-free experience offers more features, more stats, and more fun while also helping to support Sporcle. Thank you for becoming a member.

You're not logged in!

Compare scores with friends on all Sporcle quizzes.
OR
Log In

Show Comments

Extras

Top Quizzes Today


Score Distribution

Your Account Isn't Verified!

In order to create a playlist on Sporcle, you need to verify the email address you used during registration. Go to your Sporcle Settings to finish the process.

Report this User

Report this user for behavior that violates our Community Guidelines.

Details: